Track that scat! /

"Join Finn and her dog, Skeeter, as they venture out on a hike in the woods. Take part in Finn's discoveries as she and Skeeter stumble upon--and into--traces of several woodland creatures living nearby, and find out more about each animal along the way"--Flap p. 1 of dust jacket.

Bibliographic Details
Main Author: Morlock, Lisa, 1969-
Other Authors: Bradshaw, Carrie Anne
Format: Book
Language:English
Published: Ann Arbor, MI : Sleeping Bear Press, 2012.
Subjects:

MARC

Tag First Indicator Second Indicator Subfields
LEADER 00000cam a2200000 a 4500
001 in00002811006
005 20151203084043.0
008 110728s2012 miua j 000 0 eng
010 |a  2011028148 
020 |a 9781585365364 
020 |a 158536536X 
035 |a (OCoLC)ocn746838509 
035 |a (OCoLC)746838509 
040 |a DLC  |b eng  |c DLC  |d BTCTA  |d BDX  |d JBL  |d YDXCP  |d QBX  |d UtOrBLW 
042 |a pcc 
049 |a TXAM 
050 0 0 |a QL768  |b .M667 2012 
082 0 0 |a 591.47/9  |2 23 
100 1 |a Morlock, Lisa,  |d 1969- 
245 1 0 |a Track that scat! /  |c written by Lisa Morlock ; illustrated by Carrie Anne Bradshaw. 
264 1 |a Ann Arbor, MI :  |b Sleeping Bear Press,  |c 2012. 
300 |a 1 volume (unpaged) :  |b color illustrations ;  |c 26 cm. 
336 |a text  |b txt  |2 rdacontent 
337 |a unmediated  |b n  |2 rdamedia 
338 |a volume  |b nc  |2 rdacarrier 
520 |a "Join Finn and her dog, Skeeter, as they venture out on a hike in the woods. Take part in Finn's discoveries as she and Skeeter stumble upon--and into--traces of several woodland creatures living nearby, and find out more about each animal along the way"--Flap p. 1 of dust jacket. 
650 0 |a Animal droppings  |v Juvenile literature. 
650 0 |a Animal tracks  |v Juvenile literature. 
655 7 |a Stories in rhyme.  |2 lcgft 
650 1 |a Animal droppings. 
650 1 |a Animal tracks. 
650 7 |a Animal behavior.  |2 sears 
650 7 |a Animal tracks.  |2 sears 
700 1 |a Bradshaw, Carrie Anne. 
938 |a Baker and Taylor  |b BTCP  |n BK0010100118 
938 |a Brodart  |b BROD  |n 13345664  |c $15.95 
938 |a YBP Library Services  |b YANK  |n 7294175 
938 |a Quality Books, Inc.  |b QUAL  |n a 11028148 
947 |a A14835910465 
945 |a PromptCat  |b 211947 
946 |a curr 
994 |a 92  |b TXA 
948 |a Cataloged  |b h  |c 2013/2/20  |d c  |e EGrant 
999 |a MARS 
999 f f |s 08c6c181-adb9-39eb-abac-996e99d4bf35  |i d5a06a14-66b2-3da7-86b4-7836f073834c  |t 0 
952 f f |p ric  |a Texas A&M University  |b Rellis Campus  |c Joint Library Facility  |d Remote Storage  |t 0  |e QL768 .M667 2012  |h Library of Congress classification  |i unmediated -- volume  |m A14835910465 
998 f f |a QL768 .M667 2012  |t 0  |l Remote Storage